| 000 | 00733nam a2200253Ia 4500 | ||
|---|---|---|---|
| 003 | OSt | ||
| 005 | 20220926015030.0 | ||
| 006 | a|||||r|||| 00| 0 | ||
| 007 | ta | ||
| 008 | 220923b |||||||| |||| 00| 0 eng d | ||
| 037 | _cGeneral Book | ||
| 040 |
_aRTL _cRTL _beng |
||
| 041 |
_2eng _aeng |
||
| 082 | _aXM5.73.N7, L5 | ||
| 100 |
_aWeston J Fred Ed. _9321519 |
||
| 245 | 0 | _aLarge corporations in a changing society | |
| 260 |
_aNew York _bNew University Press USA _c1975 |
||
| 300 |
_ax,187p _ccm. |
||
| 490 | _aMajor Issues Lecture Series | ||
| 500 | _aBibliography chapterwise | ||
| 650 | _aJoint Stock Company | ||
| 942 |
_hXM5.73.N7, L5 _cGB _2CC |
||
| 999 |
_c630442 _d630442 |
||